[Event "WCh 2016"]
[Site "New York USA"]
[Date "2016.11.11"]
[Round "1"]
[White "Carlsen, Magnus"]
[Black "Karjakin, Sergey"]
[Result "1/2-1/2"]
[WhiteElo "2853"]
[BlackElo "2772"]
[Annotator "Alexei Kornev"]
[PlyCount "84"]
[EventDate "2016.11.11"]

1. d4 Nf6 2. Bg5 d5 3. e3 (3. Bxf6 exf6 4. e3 Bd6 (4... Be6 $5 $13) 5. c4 dxc4
6. Bxc4 O-O 7. Nc3 c5 $2 8. dxc5 Bxc5 9. Bxf7+ $1 Kxf7 10. Qh5+ Kg8 11. Qxc5
$16 {Zlochevskij - Quinto,Amantea 1995}) 3... c5 4. Bxf6 gxf6 (4... exf6 5.
dxc5 Nc6 6. c3 Bxc5 7. Nd2 O-O 8. Nb3 Bb6 9. Nf3 Qd6 10. Be2 Bf5 11. O-O Rfe8
12. a4 a6 13. Nbd4 Be4 14. Bd3 Na5 $13 {Muukkonen - Utesch, ICCF 2015}) 5. dxc5
Nc6 (5... e6 6. Nf3 $13 {Carlsen - Kramnik, Moscow 2013}) 6. Bb5 (6. c3 e6 7.
b4 a5 8. Qb3 $13 {Caruana - Giri, London 2015} (8. Bb5 {- see 6.Bb5})) 6... e6
(6... Qa5+ 7. Nc3 a6 8. Ba4 e6 9. Qd4 Bd7 10. Qxf6 Rg8 11. Nge2 Qxc5 12. O-O
Rg6 13. Qh4 b5 14. Bb3 Ne5 15. Ng3 Qe7 16. Qxe7+ Bxe7 $14 17. Nce2 b4 18. c3 a5
19. cxb4 Bxb4 20. Rfd1 Rc8 21. Rac1 Rxc1 22. Nxc1 Ke7 23. Bc2 f5 24. Nd3 Nxd3
25. Bxd3 Rg8 26. f4 Bc5 27. Kf2 Rb8 28. Rd2 Ba4 29. b3 Bd7 30. Ne2 a4 31. Bc2
h5 32. h4 Kd6 33. Nd4 axb3 34. Bxb3 Bb4 35. Rc2 Bc5 36. g3 Bxd4 $1 37. exd4 Ra8
38. Ke3 Ba4 $11 39. Ke2 {ничья, Dias - Visloguzov, ICCF 2015}) 7. c4 (7.
b4 a5 8. c3 Bg7 9. Ne2 O-O 10. Bxc6 bxc6 11. a3 f5 12. Ra2 Re8 (12... Ba6 13.
O-O Bc4 14. Rd2 e5 $44 15. Re1 Qg5 16. Ng3 f4 17. h4 Qg6 18. Nh5 fxe3 19. Rxe3
Bb3 20. Qxb3 Qxh5 21. b5 $5 Rab8 22. a4 Bh6 23. Re1 Bxd2 24. Nxd2 Qxh4 25. c4
Qf4 26. Qc2 Rbd8 27. Re3 Kh8 28. Rh3 f5 29. Nf3 Rg8 30. bxc6 Rg7 31. Rg3 Rxg3
32. fxg3 Qe3+ $11 {ничья, Nekhaev - Keuter, ICCF 2016}) 13. Rb2 e5 14. O-O
axb4 15. axb4 Ra1 16. Nc1 Qg5 17. Nb3 Ra8 $44 18. f4 Qh6 19. Rf3 exf4 20. exf4
Re4 21. N1d2 Rxf4 22. Qe1 Kf8 23. Rxf4 Qxf4 24. Nf3 Ba6 25. Rb1 Bd3 26. Ra1
Rxa1 27. Qxa1 Qe3+ 28. Kh1 Bf6 29. Nbd4 Be4 30. Qe1 Qd3 31. Qd2 Qf1+ $11 {
ничья, Nekhaev - Joppich, ICCF 2016}) 7... dxc4 8. Nd2 Bxc5 (8... Qd5 9.
Ngf3 Qxc5 10. Bxc4 Bg7 11. Rc1 Qb4 $11 12. O-O O-O 13. Rc2 Rd8 14. a3 Qe7 15.
Qe2 Bd7 16. e4 Rac8 17. Bd3 Ne5 18. Rxc8 Rxc8 19. Nxe5 fxe5 20. g3 a6 21. Kg2
Qd6 22. Nc4 Qc7 23. Qe3 Qc5 24. Nb6 Qxe3 25. fxe3 Rd8 26. Nxd7 Rxd7 27. Rd1 Bf6
28. Kf3 {ничья, Shulman - Vaillant, ICCF 2015}) 9. Ngf3 O-O 10. O-O Na5
11. Rc1 Be7 12. Qc2 Bd7 13. Bxd7 Qxd7 14. Qc3 Qd5 $5 (14... b6 15. Ne4 Kg7 (
15... e5 $5 $13) 16. Rfd1 (16. g4 $6 Qb7 $1 17. Nfd2 Rfd8 18. g5 Rd3 19. gxf6+
Kh8 20. Qc2 Rxd2 21. Nxd2 Rg8+ 22. Qg6 Rxg6#) 16... Qb5 17. g4 $13) 15. Nxc4
Nxc4 16. Qxc4 (16. Rfd1 Qb5 17. Qxc4 Qxc4 18. Rxc4 Rfc8 19. Rdc1 Rxc4 20. Rxc4
{- see 16.Qxc4}) 16... Qxc4 17. Rxc4 Rfc8 18. Rfc1 Rxc4 19. Rxc4 Rd8 20. g3 Rd7
21. Kf1 f5 22. Ke2 Bf6 23. b3 Kf8 24. h3 h6 (24... h5 $6 25. Ne1 $5 Ke7 26. Nd3
$36) 25. Ne1 (25. g4 fxg4 26. hxg4 $11) 25... Ke7 26. Nd3 Kd8 27. f4 h5 28. a4
Rd5 $1 $11 (28... Rc7 $2 29. Rxc7 Kxc7 30. Ne5 $16 Bxe5 $2 31. fxe5 Kb6 32. Kf3
Ka5 33. e4 fxe4+ 34. Kxe4 Kb4 35. h4 $1 Kxb3 36. g4 $1 hxg4 37. h5 g3 38. Kf3
$18) 29. Nc5 b6 30. Na6 Be7 31. Nb8 a5 32. Nc6+ Ke8 33. Ne5 Bc5 34. Rc3 Ke7 35.
Rd3 Rxd3 36. Kxd3 f6 37. Nc6+ Kd6 38. Nd4 Kd5 39. Nb5 Kc6 40. Nd4+ Kd6 41. Nb5+
Kd7 42. Nd4 Kd6 1/2-1/2

[Event "WCh 2016"]
[Site "New York USA"]
[Date "2016.11.12"]
[Round "2"]
[White "Karjakin, Sergey"]
[Black "Carlsen, Magnus"]
[Result "1/2-1/2"]
[WhiteElo "2772"]
[BlackElo "2853"]
[Annotator "Alexei Kornev"]
[PlyCount "65"]
[EventDate "2016.11.11"]

1. e4 e5 2. Nf3 Nc6 3. Bb5 a6 (3... Nf6 4. d3 (4. O-O Nxe4 5. d4 (5. Re1) 5...
Nd6 6. Bxc6 dxc6 7. dxe5 Nf5 8. Qxd8+ Kxd8)) 4. Ba4 Nf6 5. O-O Be7 6. d3 (6.
Re1 b5 7. Bb3 O-O 8. d3 (8. c3 d5 9. exd5 Nxd5 10. Nxe5 Nxe5 11. Rxe5 c6 $11)
8... d6) 6... b5 7. Bb3 d6 8. a3 (8. a4 $5 b4 (8... Bd7 $5 9. c3 O-O 10. Bc2
Re8 11. Re1 Bf8 {Anand - Tomashevsky, Moscow 2016}) 9. a5 O-O 10. Nbd2 Be6 11.
Nc4 Rb8 12. Be3 {Karjakin - Kotsur, Astana 2012} (12. c3 bxc3 13. bxc3 h6 $11 {
Svidler - Carlsen,London 2013})) (8. h3 Na5 $15) 8... O-O 9. Nc3 Na5 10. Ba2
Be6 11. d4 (11. b4 Bxa2 12. Rxa2 Nc6 13. Bg5 Nd7 14. Be3 Nf6 15. Qb1 d5 $11 {
Caruana -Aronian, Moscow 2016}) (11. Bxe6 fxe6 12. b4 Nc6 13. Bd2 d5 14. Re1
Qd6 15. Na2 $5 Nd7 16. Qe2 d4 17. Reb1 Nb6 18. Nc1 Na4 19. Nb3 Rf7 20. Rc1 Rd8
21. Ng5 Rf6 $6 22. Qh5 h6 23. Nf3 Rdf8 24. Rf1 R8f7 25. Rae1 Bf8 26. h3 g6 27.
Qh4 Qe7 28. Qg3 Bg7 29. Na5 $1 Nxa5 30. Nxe5 Nb7 31. Nxg6 Qd8 32. e5 Rf5 33. f4
c5 34. Nh4 Rh5 35. Nf3 Kh7 36. Qg4 Rhf5 37. Nh4 Kh8 38. Nxf5 Rxf5 39. Qg6 $18
Qe7 40. g4 Rf8 41. f5 Qe8 42. Qxe8 Rxe8 43. f6 Bf8 44. f7 Re7 45. Rf6 Nb6 46.
Bxh6 Nd7 47. Ref1 cxb4 48. axb4 Bxh6 49. Rxh6+ Kg7 50. Rh5 {1-0 Caruana -
Aronian, Saint Louis 2014}) 11... Bxa2 12. Rxa2 Re8 $5 (12... Nc6 13. d5 Nb8
14. Qe2 Nbd7 15. Rd1 Qc8 {Topalov - Carlsen, Paris 2016} 16. Nd2 $5 $14) 13.
Ra1 (13. dxe5 dxe5 14. Nxe5 Qxd1 15. Rxd1 Bd6 $11) (13. b3 Rc8 $5 14. Re1 Nc6
15. d5 Nb8 $11) (13. Qd3 {Paravyan - Harutyunian, Moscow 2016} c6 $5 $11) (13.
d5 Rc8 14. Qd3 c6 15. dxc6 h6 $5 16. Nd5 Nxc6 $11) 13... Nc4 14. Re1 Rc8 (14...
Nb6 $5 15. dxe5 dxe5 16. Qxd8 (16. Nxe5 Qxd1 17. Rxd1 Bd6 $11) 16... Bxd8 $11)
15. h3 (15. d5 c6 16. dxc6 Rxc6 17. Qd3 Qc8 $36) 15... h6 16. b3 Nb6 17. Bb2 (
17. dxe5 dxe5 18. Qxd8 Bxd8 19. a4 c6 20. axb5 axb5 21. Be3 Nbd7 22. Red1 $11)
17... Bf8 18. dxe5 (18. d5 c6 19. dxc6 Rxc6 20. a4 Rc5 $5 21. Qd3 b4 22. Nd1
Qc8 23. c4 bxc3 24. Nxc3 d5 $11 25. b4 $6 Rc7 26. Nxd5 $2 Nbxd5 27. exd5 e4 $19
) (18. Qd2 Nbd7 19. Rad1 c6 $11) 18... dxe5 19. a4 (19. Qxd8 Rcxd8 20. Na2 Nfd7
21. Nb4 Ra8 22. Nc6 f6 23. Bc3 Nc5 24. Nh4 Re6 $11) 19... c6 20. Qxd8 Rcxd8 21.
axb5 axb5 22. Ne2 Bb4 (22... Nxe4 $1 $11) 23. Bc3 Bxc3 24. Nxc3 Nbd7 25. Ra6
Rc8 26. b4 (26. Ra7 Nf8 27. g3 Ne6 $5 28. Nxe5 b4 29. Na4 Nd4 30. Nb6 Rb8 31.
Nbc4 Nxc2 32. Rd1 Nxe4 33. Nxc6 Ra8 34. Rc7 Ng5 35. h4 Ne6 36. Rb7 Nc5 37. Rb6
Re6 38. Nxb4 Rxb6 39. Nxb6 Ra1 40. Rxa1 Nxa1 41. Kg2 Naxb3 $11) 26... Re6 (
26... c5 27. Nxb5 cxb4 28. Nd6 Re6 29. Nxc8 Rxa6 30. Rd1 Kf8 $11) 27. Rb1 c5
28. Rxe6 fxe6 29. Nxb5 cxb4 30. Rxb4 Rxc2 $11 31. Nd6 Rc1+ 32. Kh2 Rc2 33. Kg1
1/2-1/2

[Event "WCh 2016"]
[Site "New York USA"]
[Date "2016.11.14"]
[Round "3"]
[White "Carlsen, Magnus"]
[Black "Karjakin, Sergey"]
[Result "1/2-1/2"]
[WhiteElo "2853"]
[BlackElo "2772"]
[Annotator "Alexei Kornev"]
[PlyCount "156"]
[EventDate "2016.11.11"]

1. e4 e5 2. Nf3 Nc6 3. Bb5 Nf6 4. O-O Nxe4 5. Re1 (5. d4 Nd6 6. Bxc6 dxc6 7.
dxe5 Nf5 8. Qxd8+ Kxd8) 5... Nd6 6. Nxe5 Be7 7. Bf1 Nxe5 8. Rxe5 O-O 9. d4 Bf6
10. Re2 $5 (10. Re1 Re8 11. Bf4 Rxe1 12. Qxe1 Ne8 13. c3 d5 14. Bd3 c6 15. Nd2
g6 16. Qe3 Ng7 17. Re1 $11 {ничья, Nepomniachtchi - Kramnik, Moscow 2016})
10... b6 (10... Re8 11. Bf4 $5 Rxe2 12. Qxe2 $5 (12. Bxe2 Nf5 13. c3 d5 $11)
12... Ne8 (12... Bxd4 13. c3 Bf6 14. Na3 b6 15. Bxd6 cxd6 16. Nb5 Ba6 17. Qd2
Bxb5 18. Bxb5 Qc7 19. Qd5 Rc8 $1 20. Rd1 Qc5 21. Qd3 $14) 13. c3 (13. Nc3 $5
$14) 13... d5 14. Nd2 c6 15. Re1 $14) 11. Re1 (11. Bf4 Nf5 12. c3 Ba6 13. Re1
Bxf1 14. Kxf1 d5 $11 {Matinian - Lysyj, St Petersburg 2012}) 11... Re8 (11...
Nb7 $14 {Kasimdzhanov - Melkumyan, Germany 2016}) 12. Bf4 Rxe1 13. Qxe1 Qe7 (
13... Bxd4 $2 14. Bxd6 Bxb2 (14... cxd6 15. Qe4 Bxb2 16. Qxa8 Bxa1 17. Ba6 $18)
15. Bxc7 $1 Qf8 16. Nd2 Bxa1 17. Qxa1 $16) (13... Qf8 $5 14. Na3 $5 Bb7 (14...
Bxd4 $6 15. Bxd6 cxd6 (15... Qxd6 16. Nb5 $18) 16. Qe4 Bxb2 17. Qxa8 Bxa1 18.
Qxa7 Bf6 19. Qxb6 $16) 15. c3 Re8 $11) 14. Nc3 Bb7 15. Qxe7 Bxe7 16. a4 a6 17.
g3 (17. Bd3 $5) 17... g5 $1 18. Bxd6 Bxd6 19. Bg2 Bxg2 20. Kxg2 f5 21. Nd5 Kf7
22. Ne3 Kf6 23. Nc4 Bf8 (23... Rc8 $11) 24. Re1 Rd8 25. f4 gxf4 26. gxf4 b5 27.
axb5 axb5 28. Ne3 c6 $11 29. Kf3 Ra8 30. Rg1 Ra2 $6 (30... Bh6 31. Rg3 Ra4 32.
Rh3 Kg6 33. b3 Rb4 $1 (33... Rxd4 $2 34. Rxh6+ $18) 34. Rg3+ Kf6 35. Rh3 Kg6
36. Nxf5 Kxf5 37. Rxh6 Rxd4 38. Rxh7 Rxf4+ 39. Ke2 Re4+ $11) 31. b3 c5 $6 (
31... d5 $1 32. Rg5 Ke6 33. Rxf5 Bg7 34. Rh5 Bxd4 35. f5+ Kd7 36. Rxh7+ Kd6 37.
Rh6+ Kd7 38. h4 Bxe3 39. Kxe3 Rxc2 40. h5 c5 $11) 32. Rg8 $1 (32. dxc5 Bxc5 $11
) 32... Kf7 33. Rg2 $1 cxd4 (33... Kf6 34. dxc5 Bxc5 35. Nxf5 Kxf5 36. Rg5+ $16
) 34. Nxf5 d3 $1 35. cxd3 Ra1 $6 (35... Ra3 $1 36. Rb2 Bb4 37. Rb1 Ra2 38. h4
Rd2 39. Ke4 Re2+ 40. Kd5 Rd2 $11) 36. Nd4 b4 37. Rg5 Rb1 38. Rf5+ Ke8 39. Rb5
Rf1+ $6 (39... Bd6 $5 40. Rd5 Bb8 41. Rh5 Ba7 42. Ke4 Bxd4 43. Kxd4 Rxb3 44.
Rxh7 Rc3 $11) 40. Ke4 Re1+ 41. Kf5 Rd1 42. Re5+ $6 (42. Rb8+ $1 Ke7 43. Ke4
Re1+ 44. Kd5 Rf1 45. Nf5+ Kf7 46. Ke4 Re1+ 47. Ne3 h5 48. Rb5 h4 49. d4 $16 Rb1
$6 50. Ng4 $1 Rxb3 51. Ne5+ Ke7 52. Rb7 Ra3 53. Rxd7+ Ke8 54. Rb7 Ra6 55. Rb8+
Ke7 56. Rxb4 $18) 42... Kf7 43. Rd5 Rxd3 44. Rxd7+ Ke8 45. Rd5 Rh3 46. Re5+ Kf7
47. Re2 Bg7 48. Nc6 Rh5+ (48... Rxb3 $4 49. Nd8+ Kg8 50. Re8+ Bf8 51. Ne6 $18)
49. Kg4 Rc5 $11 50. Nd8+ (50. Nxb4 Rb5 51. Re4 h5+ 52. Kf3 Bf8 53. Nd3 Rxb3 $11
) 50... Kg6 51. Ne6 h5+ 52. Kf3 Rc3+ 53. Ke4 Bf6 54. Re3 h4 55. h3 (55. Nf8+
Kf7 56. Nd7) 55... Rc1 56. Nf8+ Kf7 57. Nd7 Ke6 58. Nb6 Rd1 59. f5+ Kf7 60. Nc4
Rd4+ 61. Kf3 Bg5 $6 (61... Rd5 $11) 62. Re4 Rd3+ 63. Kg4 Rg3+ 64. Kh5 Be7 $2 (
64... Kf8 $1 65. Ne5 Bd8 66. Nc6 Bf6 67. Nxb4 Kf7 68. Nc6 Rg5+ 69. Kxh4 Rg8+
70. Kh5 Rg5+ 71. Kh6 Rxf5 72. Rg4 Rc5 $11 73. Nb4 $4 Rc8 $1 $19) 65. Ne5+ Kf6
66. Ng4+ Kf7 67. Re6 Rxh3 68. Ne5+ Kg7 69. Rxe7+ Kf6 70. Nc6 $2 (70. Re8 Kxf5
71. Nc6 Rh1 72. Nd4+ Kf4 73. Re2 h3 74. Kh4 h2 75. Ne6+ Kf3 76. Rb2 Ke4 77.
Nc5+ Kf5 78. Na4 Rd1 79. Rxh2 $18) 70... Kxf5 (70... Rc3 $1 71. Re6+ (71. Nxb4
Kxf5 $11) 71... Kxf5 72. Nd4+ Kf4 73. Ne2+ Kf5 74. Re8 (74. Nxc3 Kxe6 75. Ne4
h3 76. Nf2 h2 77. Kg5 Kd5 78. Kf4 Kd4 $11) 74... Rh3 75. Nd4+ Kf4 $11) 71. Na5
Rh1 72. Rb7 $2 (72. Rf7+ Ke6 (72... Ke5 73. Kg4 h3 74. Kg3 h2 75. Rh7 Ra1 76.
Rxh2 $18) 73. Rf2 h3 74. Kh4 h2 75. Ra2 $1 $18) 72... Ra1 $1 $11 73. Rb5+ Kf4
$1 74. Rxb4+ Kg3 75. Rg4+ Kf2 76. Nc4 h3 77. Rh4 Kg3 78. Rg4+ Kf2 1/2-1/2

[Event "WCh 2016"]
[Site "New York USA"]
[Date "2016.11.15"]
[Round "4"]
[White "Karjakin, Sergey"]
[Black "Carlsen, Magnus"]
[Result "1/2-1/2"]
[WhiteElo "2772"]
[BlackElo "2853"]
[Annotator "Alexei Kornev"]
[PlyCount "187"]
[EventDate "2016.11.11"]

1. e4 e5 2. Nf3 Nc6 3. Bb5 a6 4. Ba4 Nf6 5. O-O Be7 6. Re1 b5 7. Bb3 O-O 8. h3
(8. c3 d5 9. exd5 Nxd5 10. Nxe5 Nxe5 11. Rxe5 c6 12. d4 Bd6 13. Re1 Qh4 14. g3
Qh3 15. Qf3 Bg4 16. Qg2 Qh5 17. Be3 Rae8 18. Nd2 Re6 19. f3 Nxe3 20. Qf2 Nd5
21. fxg4 Qxg4 22. Qf3 Qg6 23. Rxe6 Qxe6 24. Ne4 Re8 25. Ng5 Qe3+ 26. Qxe3 Rxe3
27. Kf2 Re7 28. a4 $1 $14 b4 29. c4 Nf6 30. c5 Bc7 31. a5 Kf8 32. Bc4 Ne4+ 33.
Nxe4 Rxe4 34. Bxa6 Rxd4 35. Bb7 Bb8 36. Bxc6 Ba7 37. Rc1 Rd8 38. Kf3 Rc8 39.
Bb5 Rxc5 40. Rxc5 Bxc5 41. Ke4 {Riccio - Busemann, ICCF 2014}) 8... Bb7 (8...
d6 9. c3 $1) 9. d3 d6 10. a3 Qd7 11. Nbd2 Rfe8 12. c3 (12. Nf1 Nd8 13. Ng3 Ne6
14. Ng5 c5 15. Nxe6 fxe6 $11 {Leko - Aronian, Nice 2008}) 12... Bf8 13. Nf1 h6
14. N3h2 (14. Ng3 $11 {Zeytinoglu - Tokmak, Konya 2010}) 14... d5 15. Qf3 Na5
16. Ba2 dxe4 17. dxe4 Nc4 18. Bxh6 (18. Ng3 Qc6 19. a4 Rad8 20. Ng4 Nxg4 21.
hxg4 $11) 18... Qc6 (18... Nxe4 19. Rxe4 Bxe4 20. Qxe4 gxh6 21. Ng4 Qe6 22.
Nfe3 Kh8 23. Nf5 $44) 19. Bxc4 $2 (19. Bc1 Nxe4 20. Ne3 Ned6 21. Qxc6 Bxc6 22.
Nxc4 Nxc4 23. Ng4 $11) 19... bxc4 $17 20. Be3 Nxe4 21. Ng3 Nd6 (21... Qg6 $5
22. Nxe4 (22. Qg4 Qxg4 23. Nxg4 Nxg3 24. fxg3 f5 25. Nf2 Bd6 $17) 22... Bxe4
23. Qg4 Bd3 24. Qxg6 Bxg6 $17) 22. Rad1 Rab8 23. Bc1 f6 24. Qxc6 Bxc6 25. Ng4
Rb5 26. f3 (26. Ne3 g6 $17) 26... f5 27. Nf2 Be7 (27... Kf7 $5 28. Re2 Be7 29.
Rde1 Bh4 30. Nf1 Bf6 31. Nd1 $17) 28. f4 Bh4 (28... exf4 29. Ne2 Ne4 30. Nxe4
Bxe4 31. Nxf4 $17) 29. fxe5 Bxg3 30. exd6 Rxe1+ 31. Rxe1 cxd6 32. Rd1 Kf7 (
32... Re5 $5 33. Kf1 Re8 $5 $17) 33. Rd4 Re5 34. Kf1 Rd5 (34... Ke6 $5 $17) 35.
Rxd5 Bxd5 36. Bg5 Kg6 37. h4 $6 (37. Bd8 $5 $17) 37... Kh5 38. Nh3 Bf7 $6 $17 (
38... Bc6 $5 $19 39. Nf4+ Kg4 40. Ne6 Bxh4 41. Bxh4 Kxh4 42. Kf2 g5 43. g3+ Kg4
44. Nd4 Bd7 45. Ne2 Be8 46. Nd4 f4 47. gxf4 Kxf4 $1 48. Nc2 (48. Ne6+ Ke4 49.
Nxg5+ Kd3 $19) 48... a5 49. Nd4 Bd7 50. Nc2 g4 51. Nd4 Ke4 52. Ke2 a4 53. Nc2
g3 54. Ne3 Bc8 55. Nc2 Bg4+ 56. Kf1 Kd3 57. Nd4 Kd2 58. Kg2 Bd7 59. Kxg3 Kc1
60. Kf4 Kxb2 61. Ke3 Kxa3 62. Kd2 Kb2 $19) 39. Be7 Bxh4 40. Bxd6 Bd8 41. Ke2 g5
42. Nf2 Kg6 43. g4 $1 Bb6 44. Be5 a5 45. Nd1 f4 $4 (45... Be6 $1 46. gxf5+ Kxf5
47. Bd6 Bf7 48. Ne3+ Ke4 49. Nc2 Bh5+ 50. Ke1 Kd3 51. Nd4 a4 52. Be5 Be8 53.
Kd1 Bd7 54. Bd6 g4 55. Bg3 Bc5 56. Bc7 Be7 57. Bg3 Bg5 58. Bc7 g3 $1 59. Bxg3
Bd2 60. Bd6 Bg4+ 61. Ne2 Bxe2#) 46. Bd4 Bc7 47. Nf2 Be6 48. Kf3 Bd5+ 49. Ke2
Bg2 50. Kd2 Kf7 51. Kc2 Bd5 52. Kd2 Bd8 53. Kc2 Ke6 54. Kd2 Kd7 55. Kc2 Kc6 56.
Kd2 Kb5 57. Kc1 Ka4 58. Kc2 Bf7 59. Kc1 Bg6 60. Kd2 Kb3 61. Kc1 Bd3 62. Nh3 (
62. Nxd3 $5 cxd3 63. Kd2 Kxb2 64. Bc5 f3 65. Kxd3 f2 66. Bxf2 Kxa3 67. c4 Kb3
68. c5 a4 69. c6 a3 70. Bd4 a2 71. Ke4 Kc2 72. Kf5 Kb1 73. Be5 a1=Q 74. Bxa1
Kxa1 75. c7 Bxc7 76. Kxg5 $11) 62... Ka2 63. Bc5 Be2 64. Nf2 Bf3 65. Kc2 Bc6
66. Bd4 Bd7 67. Bc5 Bc7 68. Bd4 Be6 69. Bc5 f3 70. Be3 Bd7 71. Kc1 (71. Bxg5
Bb6 72. Bh4 Be3 73. Bg3) 71... Bc8 $5 72. Kc2 (72. Bxg5 $2 Bb6 73. Bh4 Be3+ 74.
Kc2 Bd7 75. Kd1 (75. g5 Ba4+ 76. b3 Bxb3#) 75... Kxb2 $19) 72... Bd7 73. Kc1
Bf4 74. Bxf4 gxf4 75. Kc2 (75. g5 Bf5) 75... Be6 76. Kc1 Bc8 77. Kc2 Be6 78.
Kc1 Kb3 79. Kb1 Ka4 80. Kc2 Kb5 81. Kd2 Kc6 82. Ke1 Kd5 83. Kf1 Ke5 84. Kg1 Kf6
85. Ne4+ Kg6 86. Kf2 Bxg4 87. Nd2 Be6 88. Kxf3 Kf5 89. a4 Bd5+ 90. Kf2 Kg4 91.
Nf1 Kg5 92. Nd2 Kf5 93. Ke2 Kg4 94. Kf2 1/2-1/2

[Event "WCh 2016"]
[Site "New York USA"]
[Date "2016.11.17"]
[Round "5"]
[White "Carlsen, Magnus"]
[Black "Karjakin, Sergey"]
[Result "1/2-1/2"]
[WhiteElo "2853"]
[BlackElo "2772"]
[Annotator "Alexei Kornev"]
[PlyCount "102"]
[EventDate "2016.11.11"]

1. e4 e5 2. Nf3 Nc6 3. Bc4 (3. Bb5 Nf6 (3... a6 4. Ba4 Nf6 5. O-O Be7 6. Re1 b5
7. Bb3 O-O 8. h3 Bb7 9. d3) 4. d3) 3... Bc5 (3... Nf6 4. Ng5 (4. d3 $5 Be7 (
4... Bc5) 5. O-O) 4... d5 5. exd5 Na5 6. Bb5+ c6 7. dxc6 bxc6 8. Bd3 Nd5 9. Nf3
Bd6 10. O-O Nf4 11. Nc3 Nxd3 12. cxd3 O-O 13. Ne4 Bc7 14. Qc2 c5 15. Qxc5 Ba6
16. Ne1 (16. Re1 Bxd3 $11) 16... f5 17. Ng3 Bd6 $44 {ничья, Vik1966 -
Ofiscer, www.bestlogic.ru 2015}) 4. O-O Nf6 5. d3 O-O (5... d6 6. Bg5 h6 7. Bh4
g5 8. Bg3 h5 $5 9. Nxg5 $2 h4 $1 10. Nxf7 hxg3 $1 (10... Qe7 $3 11. Nxh8 hxg3
$19 {Shook - McDonald, WCCF email 2003}) 11. Nxd8 Bg4 12. Qd2 Nd4 13. Nc3 $4 (
13. h3 Ne2+ 14. Qxe2 Bxe2 $15) 13... Nf3+ $1 14. gxf3 Bxf3 {0-1 Knorre -
Chigorin, St Petersburg 1874}) 6. a4 d6 7. c3 a6 8. b4 (8. h3 Ba7 9. Re1 Ne7
10. d4 Ng6 11. Bd3 c6 12. Be3 Nh5 13. Nbd2 Nhf4 14. Bf1 exd4 $5 15. Bxd4 Bxd4
16. cxd4 d5 17. e5 f6 $132 {Nepomniachtchi - So, Baku 2016}) 8... Ba7 9. Re1
Ne7 10. Nbd2 Ng6 11. d4 c6 12. h3 (12. Bd3 $5 Qc7 13. Qc2 Re8 14. a5 Be6 15.
Bb2 Rad8 16. c4 $13 {Moskvichev - Kopeikin, ICCF 2015}) 12... exd4 $5 (12...
Re8 13. Bd3 h6 14. b5 axb5 15. axb5 Be6 16. Nf1 $13 Bb6 17. Be3 Rxa1 18. Qxa1
c5 19. d5 Bxd5 20. exd5 e4 21. Bxe4 Nxe4 22. N3d2 Nxd2 23. Nxd2 Qd7 24. c4 Bd8
25. Nf3 Bf6 26. Qb1 Ra8 27. Qc2 Re8 28. Bd2 Rxe1+ 29. Nxe1 Qe7 30. Kf1 h5 31.
Nf3 Ne5 32. Ng1 Bg5 33. Ba5 Bh6 34. g3 h4 35. g4 g6 36. Kg2 f5 37. Nf3 Nxf3 38.
Kxf3 fxg4+ 39. Kxg4 Kf7 40. Kf3 Qf6+ 41. Kg2 Qe5 42. Bc3 Qg5+ {, ничья,
Williamson - Olofsson, ICCF 2015}) 13. cxd4 Nxe4 $5 (13... d5 14. exd5 cxd5 15.
Bd3 Nf4 16. Bf1 Re8 17. Rxe8+ Qxe8 18. Nb3 $36 {Hiarcs14book}) 14. Bxf7+ (14.
Nxe4 $5 d5 15. Bd3 dxe4 16. Bxe4 Be6 17. b5 axb5 18. axb5 Bd5 19. Bxd5 Qxd5 20.
bxc6 bxc6 21. Ra6 Qb5 22. Qe2 Qb7 23. h4 Bb6 24. Rxa8 Rxa8 25. h5 Nf8 26. h6
$36) 14... Rxf7 15. Nxe4 d5 (15... Bf5 $5) 16. Nc5 h6 17. Ra3 Bf5 18. Ne5 (18.
Rae3 Qf6 19. Ne5 Bxc5 20. bxc5 (20. dxc5 $6 Nxe5 21. Rxe5 Bxh3 $1 $15 22. gxh3
$2 Qxf2+ 23. Kh1 Rf3 24. R5e3 Raf8 25. Qe2 Qh4 26. Qg2 Rf2 27. Qg6 Rf1+ 28.
Rxf1 Rxf1+ 29. Kh2 Qf2+ 30. Qg2 Qf4+ 31. Qg3 Qxg3+ 32. Kxg3 Rxc1 $19) 20...
Nxe5 21. dxe5 Qe6 $11) 18... Nxe5 19. dxe5 Qh4 20. Rf3 Bxc5 (20... Qxb4 $2 21.
Ba3 Qa5 22. e6 $18) (20... Bg6 $5 21. Rxf7 Bxf7 22. e6 Bg6 23. Ba3 b5 24. axb5
axb5 $15) 21. bxc5 Re8 22. Rf4 Qe7 23. Qd4 Ref8 24. Rf3 Be4 25. Rxf7 Qxf7 26.
f3 Bf5 27. Kh2 (27. g4 Be6 28. f4 Qe7 $5 (28... g6 $11) 29. Bd2 (29. f5 Qh4 30.
Qf2 Qxh3 31. Qg2 Qc3 32. Bd2 Qxc5+ 33. Kh1 Bd7 34. e6 $13) 29... g6 $11) 27...
Be6 28. Re2 Qg6 29. Be3 Rf7 30. Rf2 Qb1 31. Rb2 (31. g4 h5 $11) 31... Qf5 32.
a5 Kf8 $5 33. Qc3 Ke8 34. Rb4 g5 $11 35. Rb2 Kd8 36. Rf2 Kc8 37. Qd4 Qg6 38. g4
h5 39. Qd2 Rg7 40. Kg3 Rg8 41. Kg2 $6 (41. Qd4 $5 $11) 41... hxg4 42. hxg4 d4
$1 43. Qxd4 Bd5 $6 (43... Rh8 $1 44. Qe4 Qh6 45. Kf1 Qh1+ 46. Ke2 Bd5 47. Qf5+
Kb8 48. Qf6 Re8 49. Bxg5 Bc4+ 50. Kd2 Qa1 51. e6 Qa2+ 52. Kc3 Qb3+ 53. Kd2 Qd3+
54. Kc1 Bxe6 $17) 44. e6 $1 Qxe6 45. Kg3 Qe7 46. Rh2 Qf7 47. f4 gxf4+ 48. Qxf4
Qe7 49. Rh5 Rf8 50. Rh7 $1 Rxf4 51. Rxe7 Re4 1/2-1/2

[Event "WCh 2016"]
[Site "New York USA"]
[Date "2016.11.18"]
[Round "6"]
[White "Karjakin, Sergey"]
[Black "Carlsen, Magnus"]
[Result "1/2-1/2"]
[WhiteElo "2772"]
[BlackElo "2853"]
[Annotator "Alexei Kornev"]
[PlyCount "64"]
[EventDate "2016.11.11"]

1. e4 (1. d4 Nf6 2. c4 (2. Bf4) 2... e6 (2... g6 3. Nc3 d5) 3. Nf3 b6 4. g3) (
1. Nf3 Nf6 2. g3) 1... e5 2. Nf3 Nc6 3. Bb5 a6 4. Ba4 Nf6 5. O-O Be7 6. Re1 b5
7. Bb3 O-O 8. h3 (8. c3 d5 9. exd5 Nxd5 10. Nxe5 Nxe5 11. Rxe5) 8... Bb7 9. d3
d5 $5 10. exd5 Nxd5 11. Nxe5 Nd4 $5 (11... Nxe5 12. Rxe5 Qd6 13. Re1 Rae8 $44)
12. Nc3 Nb4 13. Bf4 (13. Ne4 Nxb3 14. axb3 Qd5 15. Nf3 f5 16. Ng3 Qd7 $11 17.
Ne5 Qd5 18. Nf3 Qd7 19. Ne5 Qd5 20. Nf3 {Jakovenko - Svidler, Moscow 2009})
13... Nxb3 14. axb3 c5 $5 (14... Qd4 15. Ne4 f5 16. c3 Qd5 17. c4 Qd4 18. Nf3
Qxd3 19. Neg5 Qxd1 20. Raxd1 Bf6 21. Be5 Bxf3 $1 (21... Bxe5 22. Rxe5 h6 23.
Rd7 $1 Bc6 24. Rxc7 hxg5 25. Ree7 Rf6 26. Rxg7+ Kh8 27. Ne5 Be8 28. Rh7+ Kg8
29. Rcg7+ Kf8 30. Rxg5 Rc8 31. f4 Nc6 32. Rh8+ Ke7 33. Rg7+ Kd6 34. c5+ Kxc5
35. Rxe8 Rxe8 36. Nd7+ Kb4 37. Nxf6 Rf8 38. Nd7 Rd8 39. g4 Nd4 40. Re7 a5 41.
g5 $13 {Seryakov - Zarnescu, ICCF 2015}) 22. Nxf3 Rae8 {Alex_tom - AFICIONADO,
www.bestlogic.ru 2016}) 15. Ne4 f6 16. Nf3 f5 17. Neg5 (17. Ned2 Re8 18. Be5
Bf6 19. Rc1 h6 $11 20. Qe2 Qd5 $1 $17) 17... Bxg5 18. Nxg5 h6 19. Ne6 Qd5 20.
f3 Rfe8 21. Re5 (21. Nc7 Qd4+ 22. Kh1 Rxe1+ 23. Qxe1 Qxf4 24. Nxa8 Nxc2 25.
Qe8+ Kh7 26. Nb6 Bxf3 (26... Nxa1 27. Nd7 $144) 27. Nd7 Bxg2+ 28. Kg1 Qg3 29.
Nf8+ Kh8 30. Ng6+ Kh7 $11) 21... Qd6 22. c3 Rxe6 23. Rxe6 Qxe6 24. cxb4 cxb4
25. Rc1 Rc8 26. Rxc8+ Qxc8 $11 27. Qe1 Qd7 28. Kh2 a5 29. Qe3 Bd5 30. Qb6 Bxb3
31. Qxa5 Qxd3 32. Qxb4 Be6 1/2-1/2